| 000 -LEADER |
| fixed length control field |
01692cam a2200361 a 4500 |
| 001 - CONTROL NUMBER |
| control field |
2069830 |
| 003 - CONTROL NUMBER IDENTIFIER |
| control field |
NUST - PNEC |
| 005 - DATE AND TIME OF LATEST TRANSACTION |
| control field |
20170116181133.0 |
| 008 - FIXED-LENGTH DATA ELEMENTS--GENERAL INFORMATION |
| fixed length control field |
940726s1994 dcua b 101 0 eng |
| 010 ## - LIBRARY OF CONGRESS CONTROL NUMBER |
| LC control number |
94030879 |
| 020 ## - INTERNATIONAL STANDARD BOOK NUMBER |
| International Standard Book Number |
0841229562(acidfree paper) |
| 040 ## - CATALOGING SOURCE |
| Original cataloging agency |
DLC |
| Transcribing agency |
LIBRARY |
| Modifying agency |
DLC |
| 050 00 - LIBRARY OF CONGRESS CALL NUMBER |
| Classification number |
TP360 |
| Item number |
.E66 1994 |
| 082 00 - DEWEY DECIMAL CLASSIFICATION NUMBER |
| Classification number |
662.88 HIM |
| 100 ## - MAIN ENTRY--PERSONAL NAME |
| 9 (RLIN) |
14106 |
| Personal name |
Himmel, Michael E. |
| 245 00 - TITLE STATEMENT |
| Title |
Enzymatic conversion of biomass for fuels production / |
| Statement of responsibility, etc. |
Michael E. Himmel, editor, John O. Baker, editor, Ralph P. Overend, editor. |
| 260 ## - PUBLICATION, DISTRIBUTION, ETC. |
| Place of publication, distribution, etc. |
Washington, DC : |
| Name of publisher, distributor, etc. |
American Chemical Society, |
| Date of publication, distribution, etc. |
1994. |
| 300 ## - PHYSICAL DESCRIPTION |
| Extent |
xiii, 499 p. : |
| Other physical details |
ill. (some col.) ; |
| Dimensions |
24 cm. |
| 440 #0 - SERIES STATEMENT/ADDED ENTRY--TITLE |
| Title |
ACS symposium series, |
| International Standard Serial Number |
0097-6156 ; |
| Volume/sequential designation |
566 |
| 500 ## - GENERAL NOTE |
| General note |
"Developed from a symposium sponsored by the Division of Cellulose, Paper, and Textiles at the 205th national meeting of the American Chemical Society, Denver, Colorado, March 28-April 2, 1993." |
| 504 ## - BIBLIOGRAPHY, ETC. NOTE |
| Bibliography, etc. note |
Includes bibliographical references and indexes. |
| 650 00 - SUBJECT ADDED ENTRY--TOPICAL TERM |
| Topical term or geographic name entry element |
Biomass energy |
| General subdivision |
Congresses. |
| 650 00 - SUBJECT ADDED ENTRY--TOPICAL TERM |
| Topical term or geographic name entry element |
Enzymes |
| General subdivision |
Industrial applications |
| -- |
Congresses. |
| -- |
ME |
| 700 1# - ADDED ENTRY--PERSONAL NAME |
| Personal name |
Himmel, Michael E. |
| 700 1# - ADDED ENTRY--PERSONAL NAME |
| Personal name |
Baker, John O., |
| Dates associated with a name |
1944- |
| 700 1# - ADDED ENTRY--PERSONAL NAME |
| Personal name |
Overend, R. P. |
| 710 2# - ADDED ENTRY--CORPORATE NAME |
| Corporate name or jurisdiction name as entry element |
American Chemical Society. |
| Subordinate unit |
Cellulose, Paper, and Textile Division. |
| 856 42 - ELECTRONIC LOCATION AND ACCESS |
| Materials specified |
Publisher description |
| Uniform Resource Identifier |
<a href="http://www.loc.gov/catdir/enhancements/fy0605/94030879-d.html">http://www.loc.gov/catdir/enhancements/fy0605/94030879-d.html</a> |
| 856 41 - ELECTRONIC LOCATION AND ACCESS |
| Materials specified |
Table of contents only |
| Uniform Resource Identifier |
<a href="http://www.loc.gov/catdir/enhancements/fy0605/94030879-t.html">http://www.loc.gov/catdir/enhancements/fy0605/94030879-t.html</a> |
| 906 ## - LOCAL DATA ELEMENT F, LDF (RLIN) |
| a |
7 |
| b |
cbc |
| c |
orignew |
| d |
1 |
| e |
ocip |
| f |
19 |
| g |
y-gencatlg |
| 942 ## - ADDED ENTRY ELEMENTS (KOHA) |
| Source of classification or shelving scheme |
|
| Koha item type |
Book |